Accidentología vial /
Guardado en:
| Otros Autores: | |
|---|---|
| Formato: | Libro |
| Idioma: | Spanish |
| Publicado: |
Córdoba :
Academia Nacional de Derecho y Ciencias Sociales de Córdoba,
2009
|
| Edición: | 1a. ed. |
| Materias: | |
| Etiquetas: |
Agregar Etiqueta
Sin Etiquetas, Sea el primero en etiquetar este registro!
|
| LEADER | 00598nam a22001695a 4500 | ||
|---|---|---|---|
| 001 | DER.der009768 | ||
| 008 | 180615s2009####ag#||||||||||||||#||spa|| | ||
| 005 | 20251204143042.0 | ||
| 245 | 1 | 0 | |a Accidentología vial / |c Aldo Guarino Arias. |
| 250 | |a 1a. ed. | ||
| 260 | |a Córdoba : |b Academia Nacional de Derecho y Ciencias Sociales de Córdoba, |c 2009 | ||
| 300 | |a 286 p. | ||
| 500 | |a II Encuentro Cuyano de Derecho Accidentología Vial, 13 y 14 de junio de 2008, San Rafael, Mendoza. | ||
| 020 | |a 9789871123551 | ||
| 700 | 1 | |a Guarino Arias, Aldo | |
| 650 | 7 | |a DAÑOS | |
| 859 | |a DERECHO |b BIB. DERECHO |h 346 |i ACC |p 006370 | ||
